<?xml version="1.0" encoding="UTF-8"?>
<marc:record xmlns:marc="http://www.loc.gov/MARC21/slim">
   <marc:leader>00000nam a2200000 a 4500</marc:leader>
   <marc:datafield ind1="1" ind2=" " tag="100">
      <marc:subfield code="a">Schmidt, Leontine</marc:subfield>
   </marc:datafield>
   <marc:datafield ind1="1" ind2=" " tag="100">
      <marc:subfield code="a">Künzler-Behncke, Rosemarie</marc:subfield>
   </marc:datafield>
   <marc:datafield ind1="1" ind2=" " tag="100">
      <marc:subfield code="a">Geisler, Dagmar</marc:subfield>
   </marc:datafield>
   <marc:datafield ind1="1" ind2=" " tag="100">
      <marc:subfield code="a">Uebe, Ingrid</marc:subfield>
   </marc:datafield>
   <marc:datafield ind1="1" ind2=" " tag="100">
      <marc:subfield code="a">Grolik, Markus</marc:subfield>
   </marc:datafield>
   <marc:datafield ind1=" " ind2=" " tag="653">
      <marc:subfield code="a">Vorlesebuch</marc:subfield>
   </marc:datafield>
   <marc:datafield ind1=" " ind2=" " tag="653">
      <marc:subfield code="a">Sammelband</marc:subfield>
   </marc:datafield>
   <marc:datafield ind1=" " ind2=" " tag="653">
      <marc:subfield code="a">Bildwörterbuch</marc:subfield>
   </marc:datafield>
   <marc:datafield ind1=" " ind2=" " tag="653">
      <marc:subfield code="a">Vorlesen und Selbstlesen</marc:subfield>
   </marc:datafield>
   <marc:datafield ind1=" " ind2=" " tag="653">
      <marc:subfield code="a">Leseanfänger</marc:subfield>
   </marc:datafield>
   <marc:datafield ind1="0" ind2="0" tag="245">
      <marc:subfield code="a">Mein buntes Bilderlesebuch</marc:subfield>
   </marc:datafield>
   <marc:datafield ind1="0" ind2="0" tag="245">
      <marc:subfield code="b">zum Vorlesen, Mitlesen und Selbstlesen</marc:subfield>
   </marc:datafield>
   <marc:datafield ind1="0" ind2="0" tag="245">
      <marc:subfield code="c">Ravensburger Buchverlag. Markus Grolik. Ingrid Uebe. Dagmar Geisler. Rosemarie Künzler-Behncke. Leontine Schmidt ; Erhard Dietl ; Eva Czerwenka. Manfred Mai. Angela Weinhold</marc:subfield>
   </marc:datafield>
   <marc:datafield ind1=" " ind2="1" tag="264">
      <marc:subfield code="a">Ravensburg</marc:subfield>
      <marc:subfield code="b">Ravensburger Verlag GmbH</marc:subfield>
      <marc:subfield code="c">2006</marc:subfield>
   </marc:datafield>
   <marc:datafield ind1="1" ind2=" " tag="520">
      <marc:subfield code="a">Sechs spannende Lesebilderbücher sind in diesem Band zusammengefasst. Sie erzählen von drei ganz dicken Freunden, die sich aber auch mal streiten. Von der kleinen Hexe, die plötzlich ihren Besen nicht mehr findet, und von Jonas' verflixtem Schultag. Der Dachs lädt uns ein auf eine spannende Reise und mit Florian feiern wir einen lustigen Geburtstag. Mit dem kleinen Piraten und seinen Freunden erleben wir ein aufregendes Abenteuer auf dem Meer. Viele Begriffe sind durch kleine Bilder ersetzt. So entsteht ein bunter Geschichtenschatz zum Vorlesen, Mitlesen und Selbstlesen. Der Sammelband enthält folgende sechs Geschichten: "Die Abenteuer des kleinen Piraten"; "Jonas geht in die Schule"; "Der kleine Dachs macht eine Reise"; "Wo ist Dein Besen, kleine Hexe?"; "Drei ganz dicke Freunde"; "Ein Fußball zum Geburtstag".</marc:subfield>
   </marc:datafield>
   <marc:datafield ind1=" " ind2=" " tag="041">
      <marc:subfield code="a">ger</marc:subfield>
   </marc:datafield>
   <marc:datafield ind1=" " ind2=" " tag="500">
      <marc:subfield code="a">Sammelband (sechs Lesebilderbücher in einem Band)</marc:subfield>
   </marc:datafield>
   <marc:datafield ind1=" " ind2=" " tag="542">
      <marc:subfield code="d">Ravensburger Buchverlag</marc:subfield>
   </marc:datafield>
   <marc:datafield ind1=" " ind2=" " tag="300">
      <marc:subfield code="a">157 Seiten</marc:subfield>
   </marc:datafield>
</marc:record>
